000 00274nam a2200121 i 4500
001 bg
245 0 _aWielka Ilustrowana Encyklopedia powszechna.
_nT.16.
260 _aKraków.
040 _cBPK
041 _apol
942 _cKS
008 s pl f |000 0 pol
999 _c11026
_d11026
856 _uhttp://koha.tu.koszalin.pl/cgi-bin/koha/opac-detail.pl?biblionumber=11026
_yKatalog online BPK